Self-Build Homes (Record no. 52416)
[ view plain ]
| 000 -LEADER | |
|---|---|
| fixed length control field | 02098nam a2200253Ia 4500 |
| 000 - LEADER | |
| fixed length control field | 02888naaa 00409uu |
| 001 - CONTROL NUMBER | |
| control field | https://directory.doabooks.org/handle/20.500.12854/37804 |
| 008 - FIXED-LENGTH DATA ELEMENTS--GENERAL INFORMATION | |
| fixed length control field | 211013s9999 xx 000 0 und d |
| 024 ## - OTHER STANDARD IDENTIFIER | |
| Standard number or code | 10.2307/j.ctt1xhr521 |
| 042 ## - AUTHENTICATION CODE | |
| Authentication code | dc |
| 100 1# - MAIN ENTRY--PERSONAL NAME | |
| Personal name | Benson, Michaela |
| 245 #0 - TITLE STATEMENT | |
| Title | Self-Build Homes |
| 260 ## - PUBLICATION, DISTRIBUTION, ETC. | |
| Name of publisher, distributor, etc. | UCL Press |
| Date of publication, distribution, etc. | 2017 |
| 300 ## - PHYSICAL DESCRIPTION | |
| Extent | 1 electronic resource (332 p.) |
| 520 ## - SUMMARY, ETC. | |
| Summary, etc. | Self-Build Homes connects the burgeoning interdisciplinary research on self-build with commentary from leading international figures in the self-build and wider housing sector. Through their focus on community, dwelling, home and identity, the chapters explore the various meanings of self-build housing, encouraging new directions for discussions about self-building and calling for the recognition of the social dimensions of this process, from consideration of the structures, policies and practices that shape it, through to the lived experience of individuals and households. Divided into four parts - Discourse, Rationale, Meaning; Values, Lifestyles, Imaginaries; Community and Identity; and Perspectives from Practice - the volume comes at a time of renewed focus from policy managers and practitioners, as well as prospective builders themselves, on self-build as a means for producing homes that are more stylised, affordable and appropriate for the specific needs of households. It responds to recent advances in housing and planning policy, while also bringing this into conversation with interdisciplinary perspectives from across the social sciences on housing, home and homemaking. In this way, the book seeks to update understandings of self-build and to account for housing as a distinctly social process. |
| 540 ## - TERMS GOVERNING USE AND REPRODUCTION NOTE | |
| Terms governing use and reproduction | Creative Commons |
| 653 ## - INDEX TERM--UNCONTROLLED | |
| Uncontrolled term | self-build homes |
| 700 1# - ADDED ENTRY--PERSONAL NAME | |
| Personal name | Hamiduddin, Iqbal |
| 856 ## - ELECTRONIC LOCATION AND ACCESS | |
| Uniform Resource Identifier | <a href="https://library.oapen.org/bitstream/20.500.12657/31078/1/639594.pdf">https://library.oapen.org/bitstream/20.500.12657/31078/1/639594.pdf</a> |
| 856 ## - ELECTRONIC LOCATION AND ACCESS | |
| Uniform Resource Identifier | <a href="https://library.oapen.org/bitstream/20.500.12657/31078/1/639594.pdf">https://library.oapen.org/bitstream/20.500.12657/31078/1/639594.pdf</a> |
| 856 ## - ELECTRONIC LOCATION AND ACCESS | |
| Uniform Resource Identifier | <a href="www.oapen.org">www.oapen.org</a> |
| 942 ## - ADDED ENTRY ELEMENTS (KOHA) | |
| Koha item type | E-Book |
| Withdrawn status | Source of classification or shelving scheme | Damaged status | Not for loan | Home library | Current library | Date acquired | Total Checkouts | Date last seen | Price effective from | Koha item type |
|---|---|---|---|---|---|---|---|---|---|---|
| Library of Congress Classification | Not For Loan | Directory of Open Access Books | Directory of Open Access Books | 12/22/2021 | 12/22/2021 | 12/22/2021 | E-Book |